000 01181cab a2200289 a 4500
001 L144473
008 080722e20071201xxkdo f s 000 0 eng u
035 _a(Sirsi) u144473
041 0 _aeng
110 1 _aEstates Gazette
_9298
245 0 0 _aEG Finance (supplement)
260 _c2007
490 _aEstates Gazette Finance
_v1 December 2007 (supplement)
520 _aDiscusses the likely impact of the credit crunch on the commercial property sector and on debt-backed investors. Reports on the lack of funding to commercial property schemes as a result of the credit crunch. Reports on the fall off in acquisitions due to declining capital values. Explains how German open-ended funds have been benefiting from the credit squeeze and how the property derivatives market might also benefit.
590 _aKA
650 2 4 _aCREDIT CRUNCH
651 4 _aUnited Kingdom
_y
690 _aPROPERTY-COMMERCIAL PROPERTY-COMMERCIAL PROPERTY MARKET
700 1 _aBouke, Chris
700 1 _aPotts, Andy
700 1 _aWallace, James
700 1 _aMoore, Charlotte
700 1 _aNorthedge, Richard
700 1 _aNorman, Paul
700 1 _aCate, Bert Erik ten
942 _n0
999 _c80479
_d80479